| 000 | 00831nam a2200229Ia 4500 | ||
|---|---|---|---|
| 005 | 20241129104230.0 | ||
| 008 | 241129s9999||||xx |||||||||||||| ||und|| | ||
| 020 | _a9781032248080 | ||
| 037 | _aTextual | ||
| 040 |
_aRTL _beng _cRTL |
||
| 041 |
_aeng _2eng |
||
| 084 |
_aU8 R3 _qRTL |
||
| 100 |
_aGowreesunkar Vanessaa G. B; Maingi Shem Wambuhu; Mingate F. L. Mogambi _9725348 |
||
| 245 | 0 |
_aManagement of tourism ecosystem services in a post pandemic context global perspective _cGowreesunkar Vanessaa G. B; Maingi Shem Wambuhu; Mingate F. L. Mogambi |
|
| 260 |
_aLondon _bRoutledge Taylor and Francis Group _c2023 |
||
| 300 | _axxx 415p. | ||
| 365 |
_aINR _b13834.6 |
||
| 490 | _aRoutledge Insights in tourism series | ||
| 650 |
_aSociology; Tourism _9289015 |
||
| 942 |
_cTB _hU8 R3 |
||
| 999 |
_c1224987 _d1224987 |
||